| 000 | 00331nam a2200133Ia 4500 | ||
|---|---|---|---|
| 005 | 20251222144641.0 | ||
| 008 | 251222s9999||||xx |||||||||||||| ||spa|| | ||
| 020 | _a0-582-40475-4 | ||
| 082 | _a425.04/B82 | ||
| 100 | _aBreen, Michael P. | ||
| 245 | 0 | _aLearner Contributions to Language Learning | |
| 264 | _bLongman | ||
| 942 | _cLIB | ||
| 999 |
_c16686 _d16686 |
||